000 00359nam a22001457a 4500
003 macl
005 20190621152420.0
008 190621b xxu||||| |||| 00| 0 eng d
040 _cmacl
100 _aHardt, Michael & Negri , Antonio
_975458
245 _aEmpre
260 _bHarvard University Press
_c2001
650 _aPolitics
_975459
942 _2ddc
_cBK
999 _c60198
_d60198